00571nam a2200181Ia 450000500170000000800460001702000180006303700140008104000210009504100130011608400220012924500560015124500280020726000820023530000090031736500120032654600510033820250508164326.0008 250505s9999 xx 000 0 eng d a81-7450-662-4 aReference aFEDL bengcFEDL aeng2eng a910, NCE/RRqFEDL 0aFundamentals of human geography : Textbook for 12th 0cNCERT (New Delhi India) aNew Delhi, IndiabNational Council of Educational Research and Trainingc2007 a111p aINRb45 aAcc. No. 92548 is gifted by Prof. Anita Rampal